| 000 | 00927nam a22002297a 4500 | ||
|---|---|---|---|
| 999 |
_c18355 _d18355 |
||
| 003 | AR-CdUCM | ||
| 008 | 190513b ||||| |||| 00| 0 spa d | ||
| 040 |
_aMUNICIPALIDAD PROVINCIAL DEL CUSCO _cBIBLIOTECA MUNICIPAL DEL CUSCO |
||
| 082 |
_a141 / _bK74 |
||
| 100 |
_aKon, I.S. _938878 |
||
| 245 |
_aEl idealismo filosófico : _bY la crisis en el pensamiento historico / |
||
| 260 |
_aBuenos Aires : _bPlatina, _c1962. |
||
| 300 |
_a393 paginas ; _c20 cm. |
||
| 505 | _aContenido : La filosofía de la historia en la época del imperialismo -- La filosofía de la historia del neokantismo alemán -- La crisis del pensamiento histórico burgués y el tradicionalismo filosófico.... | ||
| 650 |
_aIdelaismo _938879 |
||
| 650 |
_aNeokantismo _938880 |
||
| 650 |
_aAntihistoricismo _938881 |
||
| 650 |
_aFilosofía _9395 |
||
| 700 |
_aCanto, Patricio (Traducción) _938882 |
||
| 942 |
_2ddc _cLIBROS |
||
| 945 |
_awnts _d2019-05-13 |
||